000 00567nam a2200217Ia 4500
008 230125s9999 xx 000 0 und d
020 _a81-7881-279-7
041 _aeng
082 _a658
_bSIN
100 _aSinha D P
_9107327
245 _aManagement Education in India : Perspectives and Challenges
250 _a1st Ed.
260 _c2005
_bICFAI publication
_aHyderabad
300 _a281p
440 _aICFAI
500 _aManagement
650 _aManagement
700 _aSinha D P
_9107327
906 _b150
999 _c87996
_d87996